Zlepšenie nádeje novorodencov s veľmi nízkou pôrodnou hmotnosťou

Podrobná bibliografia
Hlavný autor: Bauer, František, 1950- (Autor)
Médium: Článok
Jazyk:slovenčina
Fyzický popis:Obr., tab.
ISSN:1335-4477
Predmet:

MARC

LEADER 00000nab a2200000 a 4500
001 vtls000760877
003 SK-MaSNL
005 20260303172426.0
008 140303c2001 xo 0 slo
015 |a SNBRB2001/06-17909 
035 |a CLN000112664 
040 |a SNKBUCL  |b slo  |c SNKBUCL  |e AACR2 
041 0 |a slo 
044 |a xo  |c SK 
080 |a 616-053.331  |2 1997 
100 1 |a Bauer, František,  |d 1950-  |4 aut  |9 8401 
245 1 0 |a Zlepšenie nádeje novorodencov s veľmi nízkou pôrodnou hmotnosťou  |c František Bauer 
300 |b Obr., tab. 
610 2 7 |a Národný perinatologicko-neonatologický program (Slovensko)  |2 snkbucl  |9 1197883 
650 0 7 |a neonatológia  |2 snkbucl  |9 13410 
650 0 7 |a perinatológia  |2 snkbucl  |9 20130 
650 0 7 |a novorodenec s nízkou pôrodnou hmotnosťou  |2 snkbucl  |9 1055288 
655 7 |a články z novín a časopisov  |2 snkbucl  |9 267496 
773 0 |t Zdravotnícke noviny  |g Roč. 6, č. 18 (2001)  |x 1335-4477 
773 0 |t [Príl.] Lekárske listy  |g Č. 18 (2001), s. 10  |x 1335-4477 
850 |a Slovenská národná knižnica v Martine 
852 |a SNK  |b KIS3GCP 
958 |a MI 
992 |a RBX 
999 |c 2086419  |d 2088349